[Event "WTCC-65 2018"]
[Site "Radebeul"]
[Date "2018.07.07"]
[Round "1"]
[White "Rashkovsky, Nukhim N"]
[Black "Olesen, Poul Erik Norgaard"]
[Result "1-0"]
[WhiteElo "2483"]
[BlackElo "2014"]
[Annotator "TA"]
[PlyCount "71"]
[EventDate "2018.07.07"]
[EventType "team-tourn"]
[EventCountry "GER"]
[SourceTitle "playchess.com"]
[Source "ChessBase"]
[SourceQuality "1"]

{[%evp 12,71,61,54,76,55,80,74,127,75,118,112,118,100,136,89,171,137,189,149,231,229,214,210,220,220,268,250,293,289,341,329,335,239,234,173,381,373,364,368,339,366,431,339,631,620,682,691,747,731,29985,29986,29986,29987,29987,29988,29987,29988,29988,29989,29992,29991]} 1. Nc3 g6 2. e4 Bg7 3. d4 d6 4. Be3 Nf6 5. f3 c6 6. Qd2 h5 7. a4 {LiveBook: 4 Partien. B07: Pirc-Ufimzew-Verteidigung} (7. h4 b5 8. Nh3 Bxh3 9. Rxh3 Nbd7 10. O-O-O Qc7 11. Kb1 a6 12. Rh1 Rc8 13. Ne2 c5 14. c3 e5 15. dxc5 dxc5 16. g3 {0-1 (49) Sean,W (2450)-Zubov,A (2630) Olongapo City 2015}) 7... a5 8. Bc4 Qc7 9. Nge2 {Weiß steht besser.} Nbd7 (9... b6 $142) 10. O-O $146 ({Besser ist} 10. h3) ({Vorgänger:} 10. O-O-O b6 11. h3 Ba6 12. Bb3 b5 13. d5 bxa4 14. Bxa4 {1-0 (45) Gorlanov,V (2179)-Pchelintsev,A (1818) Dagomys 2009}) 10... e5 11. Rad1 O-O 12. h3 Re8 13. Ba2 b6 (13... Nb6 $16) 14. d5 c5 (14... Ba6 $16 15. dxc6 Qxc6) 15. Bc4 Ba6 (15... Nf8 $16 16. Nb5 Qe7) 16. Bxa6 $18 Rxa6 17. Nb5 Qb8 18. g4 hxg4 19. hxg4 Kf8 20. Ng3 Ke7 21. Bg5 Rh8 22. Kg2 Ra8 23. f4 {[%cal Bf3f4,Bf4f5][%mdl 32] zielt auf fxe5 ab.} Kf8 $2 (23... Ke8 {war angesagt.} 24. Bxf6 Nxf6) 24. f5 Nxg4 {[#] ...Th2+ ist eine echte Drohung.} 25. Rh1 Rxh1 26. Rxh1 Ndf6 27. Qe2 Kg8 $2 (27... Qd8 28. Rh4 Qd7 29. Rxg4 Nxg4) 28. Rh4 Qf8 29. Rxg4 Nxg4 30. Qxg4 f6 31. fxg6 {Weiß setzt Matt.} fxg5 32. Qe6+ Kh8 33. Qh3+ Bh6 34. Nf5 g4 35. Qh5 Kg8 36. Nxh6+ {Precision: Weiß = 84%, Schwarz = 17%.} 1-0

[Event "WTCC-65 2018"]
[Site "Radebeul"]
[Date "2018.07.07"]
[Round "1"]
[White "Sharif, Mershad"]
[Black "Wuensch, Ulrich"]
[Result "1-0"]
[WhiteElo "2353"]
[BlackElo "2057"]
[Annotator "TA"]
[PlyCount "143"]
[EventDate "2018.07.07"]
[EventType "team-tourn"]
[EventCountry "GER"]
[SourceTitle "playchess.com"]
[Source "ChessBase"]
[SourceQuality "1"]

{[%evp 15,143,15,43,34,35,44,64,64,54,59,47,47,69,76,76,76,75,76,107,90,89,95,148,141,189,188,218,237,225,230,212,224,211,190,195,202,203,207,191,195,217,218,226,179,233,227,239,222,258,279,273,274,302,298,287,313,292,299,371,249,314,283,267,249,511,505,479,475,866,929,978,975,847,848,589,179,179,8,8,0,7,0,338,60,315,126,589,502,556,528,467,105,105,105,29964,29966,29967,29968,29969,29970,29970,29971,29971,29970,29970,29967,29971,29971,29971,29972,29971,29973,29973,29974,29974,29975,29975,29976,29976,29977,29978,29978,29978,29978,29981,29982,29983,29982,29982,29983]} 1. Nf3 Nf6 2. g3 g6 3. b3 Bg7 4. Bb2 O-O 5. Bg2 d6 6. d4 Nbd7 7. O-O c6 8. Nbd2 Qc7 {LiveBook: 53 Games} 9. Re1 {A49: 1 d4 Nf6 2 Nf3 g6 3 g3: Anti-King's Indian systems} (9. e4 e5 10. dxe5 Nxe5 11. Nxe5 dxe5 12. a4 Be6 13. Qe2 Rfd8 14. Nc4 Ne8 15. Rfd1 Rxd1+ 16. Rxd1 Rd8 17. Rxd8 Qxd8 18. Nxe5 {1-0 (35) Moussard,J (2571)-Haldorsen,B (2405) chess.com INT 2018}) 9... e5 10. dxe5 Nxe5 $146 ({Predecessor:} 10... dxe5 11. Nc4 Rd8 12. Nfxe5 Nxe5 13. Bxe5 Qe7 14. Qc1 b5 15. Na5 Bd7 {0-1 (36) Grabert,R (2170)-Stein,I (2200) Bayern 2004}) 11. Nxe5 {White is slightly better.} dxe5 12. Nc4 $1 Nd5 13. e4 Nb6 14. Qd6 $36 {[%mdl 2048] Black is under strong pressure.} Qxd6 15. Nxd6 Rb8 16. Nxc8 Rbxc8 17. a4 Rcd8 18. Rad1 Rfe8 ({Black should play} 18... Nd7) 19. Bh3 $1 $16 Na8 20. Bd7 $1 {[%cal Rd7e8]} Re7 {[#]} 21. Bxc6 $1 {[%mdl 512]} Rc8 (21... bxc6 22. Rxd8+) 22. Ba3 Rec7 23. Bd7 Rd8 24. Bg4 Re8 25. c4 Bf8 26. Bd6 Bxd6 27. Rxd6 Rce7 28. b4 {[%cal Bb3b4,Bb4b5][%mdl 32]} Nc7 29. b5 Ne6 (29... Ra8 {keeps fighting.} 30. c5 Ne8) 30. Bxe6 $1 $18 fxe6 {[%mdl 4096] Endgame KRR-KRR} 31. c5 Rc8 32. Rc1 Kf7 33. a5 Rec7 34. b6 axb6 35. axb6 Re7 36. h4 h5 37. Rd3 Ra8 38. Rf3+ Kg7 39. Kg2 Rd7 $2 (39... Rc8 40. Ra3 Kf7) 40. c6 bxc6 41. Rxc6 Re7 (41... Ra5 $142 42. Rb3 Rb7 43. Rxe6 Ra6) 42. Rc7 Rxc7 43. bxc7 {KR-KR} Rc8 44. Rc3 Kf7 45. f4 $2 (45. Kf3 {Strongly threatening Ke3.} Kf6 46. Ke3) 45... exf4 46. gxf4 $2 (46. e5 $1 $18) 46... Ke7 $11 47. Kf2 {Threatens to win with Ke3.} Kd7 48. Rg3 Rxc7 $2 {[%mdl 8192]} (48... Rg8 $1 $11 {and Black has nothing to worry.}) 49. Rxg6 $18 {Black must now prevent Rg7+.} Rc2+ $2 {[%mdl 8192]} (49... Rc4 $1 $14) 50. Ke3 Rh2 $2 {[%mdl 8192]} (50... Ra2 $16 51. Rg5 Ra3+ 52. Kd4 Ke7 53. Rxh5 Ra4+ 54. Ke3 Kf7) 51. Kd4 $1 Rxh4 52. Ke5 Rg4 53. Rh6 $2 (53. Rf6 $1 $18 {[%cal Rf6f7] and the rest is easy.} h4 54. Rh6 (54. Rxe6 Rxf4 55. Rh6 Rf1 $14)) 53... h4 $16 54. Rh7+ $1 ({Don't play} 54. Rxe6 Rxf4 55. Rd6+ (55. Kxf4 Kxe6 56. Kg4 Kf6 $11) 55... Ke7 $14) 54... Kc6 $2 {[%mdl 8192]} (54... Ke8 $16) 55. f5 {White mates.} exf5 56. exf5 Rg1 57. Rxh4 Kd7 58. Kf6 Rf1 59. Rh7+ Ke8 60. Rh8+ Kd7 61. Rf8 Rf2 {[#]} 62. Kg7 $1 Rg2+ 63. Kf7 Rf2 {[#]} 64. f6 $1 {[%cal Bf5f6,Bf6f7][%mdl 32]} Rf1 65. Ra8 Rf2 66. Kg7 Rg2+ 67. Kf8 Rf2 68. f7 Rg2 69. Ra4 Rd2 70. Rg4 Ke6 71. Kg7 Rd7 72. Re4+ {Precision: White = 74%, Black = 36%.} 1-0

[Event "WTCC-65 2018"]
[Site "Radebeul"]
[Date "2018.07.07"]
[Round "1"]
[White "Schmidt, Bodo"]
[Black "Appelt, Gerd"]
[Result "1-0"]
[WhiteElo "2344"]
[BlackElo "2024"]
[Annotator "NA"]
[PlyCount "53"]
[EventDate "2018.07.07"]
[EventType "team-tourn"]
[EventCountry "GER"]
[SourceTitle "playchess.com"]
[Source "ChessBase"]
[SourceQuality "1"]
[TimeControl "40/5400+30:1800+30"]

1. d4 {[%emt 0:00:00]} Nf6 {[%emt 0:00:00]} 2. Nf3 {[%emt 0:00:21]} e6 {[%emt 0:00:02]} 3. e3 {[%emt 0:00:02]} b6 {[%emt 0:00:12]} 4. Bd3 {[%emt 0:00:06]} Bb7 {[%emt 0:00:07]} 5. O-O {[%emt 0:00:16]} Be7 {[%emt 0:00:23]} 6. c4 {[%emt 0:00:06]} O-O {[%emt 0:00:23]} 7. Nc3 {[%emt 0:00:06]} d5 {[%emt 0:05:31]} 8. cxd5 {[%emt 0:04:57]} exd5 {[%emt 0:00:16]} 9. b3 {[%emt 0:00:00]} Nbd7 {[%emt 0:01:37]} 10. Bb2 {[%emt 0:00:00]} Re8 {[%emt 0:01:00]} 11. Rc1 {[%emt 0:00:07]} a6 {[%emt 0:04:30]} 12. Ne5 {[%emt 0:06:29]} Bd6 {[%emt 0:11:01]} 13. f4 {[%emt 0:00:51]} Nf8 {[%emt 0:05:33]} 14. Rc2 {[%emt 0:06:12]} Re7 {[%emt 0:10:39]} 15. Qf3 {[%emt 0:00:30]} c5 {[%emt 0:04:23]} 16. g4 {[%emt 0:06:39]} Rc8 {[%emt 0:08:42]} 17. g5 {[%emt 0:02:21]} Bxe5 {[%emt 0:11:36]} 18. fxe5 {[%emt 0:06:40]} Ne4 {[%emt 0:01:04]} 19. Nxe4 {[%emt 0:01:05]} dxe4 20. Bxe4 Bxe4 {[%emt 0:02:13]} 21. Qxe4 {[%emt 0:00:34]} Re6 {[%emt 0:01:53]} 22. h4 {[%emt 0:03:59]} Nd7 {[%emt 0:05:57]} 23. d5 {[%emt 0:12:48]} Rg6 {[%emt 0:00:10]} 24. Rcf2 {[%emt 0:00:50]} Qe8 {[%emt 0:03:59]} 25. Rxf7 {[%emt 0:01:31]} Nf6 {[%emt 0:00:16]} 26. R1xf6 {[%emt 0:06:32]} gxf6 27. e6 {[%emt 0:01:03]} 1-0

[Event "WTCC-65 2018"]
[Site "Radebeul"]
[Date "2018.07.07"]
[Round "1"]
[White "Rotstein, Jefim"]
[Black "Nevednichy, Boris M"]
[Result "1/2-1/2"]
[WhiteElo "2318"]
[BlackElo "2115"]
[Annotator "NA"]
[PlyCount "118"]
[EventDate "2018.07.07"]
[EventType "team-tourn"]
[EventCountry "GER"]
[SourceTitle "playchess.com"]
[Source "ChessBase"]
[SourceQuality "1"]
[TimeControl "40/5400+30:1800+30"]

1. Nf3 {[%emt 0:00:00]} Nf6 {[%emt 0:00:00]} 2. d4 {[%emt 0:00:00]} e6 {[%emt 0:00:00]} 3. e3 {[%emt 0:00:08]} b6 {[%emt 0:00:16]} 4. Bd3 {[%emt 0:00:11]} Bb7 {[%emt 0:00:21]} 5. O-O {[%emt 0:00:14]} d6 {[%emt 0:00:58]} 6. b3 {[%emt 0:01:41]} g6 {[%emt 0:00:34]} 7. Bb2 {[%emt 0:00:30]} Bg7 {[%emt 0:00:02]} 8. Nbd2 {[%emt 0:00:24]} O-O {[%emt 0:00:27]} 9. c4 {[%emt 0:01:43]} Nbd7 {[%emt 0:02:08]} 10. e4 {[%emt 0:05:40]} c5 {[%emt 0:01:08]} 11. d5 {[%emt 0:01:48]} Re8 {[%emt 0:04:21]} 12. Qc2 {[%emt 0:03:34]} Nh5 {[%emt 0:03:48]} 13. dxe6 {[%emt 0:03:13]} fxe6 {[%emt 0:02:47]} 14. Bxg7 {[%emt 0:00:32]} Nxg7 {[%emt 0:00:37]} 15. Rad1 {[%emt 0:04:53]} e5 {[%emt 0:00:24]} 16. Nb1 {[%emt 0:04:00]} Ne6 {[%emt 0:00:38]} 17. Nc3 {[%emt 0:00:51]} Nd4 {[%emt 0:03:09]} 18. Nxd4 {[%emt 0:00:18]} exd4 {[%emt 0:01:44]} 19. Nd5 {[%emt 0:01:46]} Bxd5 {[%emt 0:01:02]} 20. exd5 {[%emt 0:04:40]} Ne5 {[%emt 0:00:18]} 21. Be2 {[%emt 0:03:01]} Qh4 {[%emt 0:01:48]} 22. h3 {[%emt 0:13:14]} Rf8 {[%emt 0:04:12]} 23. Qd2 {[%emt 0:04:03]} Qf4 {[%emt 0:10:57]} 24. Qxf4 {[%emt 0:02:23]} Rxf4 {[%emt 0:00:02]} 25. g3 {[%emt 0:00:17]} Re4 {[%emt 0:03:17]} 26. Rd2 {[%emt 0:07:22]} Re8 {[%emt 0:04:30]} 27. Kg2 {[%emt 0:01:16]} Kg7 {[%emt 0:05:38]} 28. Bd1 {[%emt 0:06:01]} Nd7 {[%emt 0:04:45]} 29. Bg4 {[%emt 0:02:17]} R8e7 {[%emt 0:03:58]} 30. Rb1 {[%emt 0:02:16]} h5 {[%emt 0:00:29]} 31. Bxd7 {[%emt 0:04:56]} Rxd7 {[%emt 0:00:05]} 32. a3 {[%emt 0:01:14]} Rde7 {[%emt 0:04:33]} 33. b4 {[%emt 0:01:28]} Re1 {[%emt 0:01:55]} 34. Rxe1 {[%emt 0:05:51]} Rxe1 {[%emt 0:00:04]} 35. bxc5 {[%emt 0:00:13]} bxc5 {[%emt 0:00:44]} 36. Kf3 {[%emt 0:04:00]} Ra1 {[%emt 0:06:57]} 37. Rb2 {[%emt 0:04:00]} Rxa3+ {[%emt 0:00:04]} 38. Ke4 {[%emt 0:00:59]} h4 {[%emt 0:03:33]} 39. gxh4 {[%emt 0:01:35]} Rxh3 {[%emt 0:00:56]} 40. Rb7+ {[%emt 0:00:09]} Kf6 {[%emt 0:02:57]} 41. Rxa7 {[%emt 0:33:11]} Rxh4+ {[%emt 0:30:38]} 42. Kd3 {[%emt 0:01:45]} Rh3+ {[%emt 0:00:12]} 43. Ke4 {[%emt 0:00:57]} Rh2 {[%emt 0:07:24]} 44. Rd7 {[%emt 0:00:43]} Rxf2 {[%emt 0:00:13]} 45. Rxd6+ {[%emt 0:00:16]} Kg5 {[%emt 0:01:43]} 46. Rc6 {[%emt 0:00:46]} Rf4+ {[%emt 0:00:26]} 47. Kd3 {[%emt 0:00:12]} Rf3+ {[%emt 0:00:06]} 48. Ke2 {[%emt 0:00:55]} Rc3 {[%emt 0:02:37]} 49. Rxc5 {[%emt 0:00:55]} Kf6 {[%emt 0:04:33]} 50. d6 {[%emt 0:00:00]} Ke6 {[%emt 0:00:00]} 51. Rd5 {[%emt 0:00:00]} Re3+ {[%emt 0:00:00]} 52. Kd2 {[%emt 0:00:00]} Kd7 {[%emt 0:00:00]} 53. Rxd4 {[%emt 0:00:00]} Re8 {[%emt 0:00:00]} 54. Kc3 {[%emt 0:00:00]} Kc6 {[%emt 0:00:00]} 55. d7 {[%emt 0:00:00]} Rd8 {[%emt 0:00:00]} 56. Rg4 {[%emt 0:00:00]} Rxd7 {[%emt 0:00:00]} 57. Rxg6+ {[%emt 0:00:00]} Kc5 {[%emt 0:00:00]} 58. Rg8 {[%emt 0:00:00]} Rd1 {[%emt 0:00:00]} 59. Rc8+ {[%emt 0:00:00]} Kb6 {[%emt 0:00:00]} 1/2-1/2

[Event "WTCC-65 2018"]
[Site "Radebeul"]
[Date "2018.07.07"]
[Round "1"]
[White "Schulze, Ulrich"]
[Black "Meissner, Werner"]
[Result "1-0"]
[WhiteElo "2313"]
[BlackElo "1746"]
[Annotator "NA"]
[PlyCount "66"]
[EventDate "2018.07.07"]
[EventType "team-tourn"]
[EventCountry "GER"]
[SourceTitle "playchess.com"]
[Source "ChessBase"]
[SourceQuality "1"]
[TimeControl "40/5400+30:1800+30"]

1. d4 {[%emt 0:00:00]} Nf6 {[%emt 0:00:00]} 2. Nf3 {[%emt 0:00:00]} d6 {[%emt 0:00:33]} 3. g3 {[%emt 0:00:25]} g6 {[%emt 0:01:12]} 4. Bg2 {[%emt 0:00:06]} Bg7 {[%emt 0:00:07]} 5. c4 {[%emt 0:00:07]} O-O {[%emt 0:01:05]} 6. Nc3 {[%emt 0:00:15]} Nbd7 {[%emt 0:01:49]} 7. O-O {[%emt 0:00:08]} c6 {[%emt 0:00:44]} 8. e4 {[%emt 0:00:52]} e5 {[%emt 0:01:12]} 9. h3 {[%emt 0:00:11]} Qc7 {[%emt 0:02:10]} 10. Re1 {[%emt 0:00:59]} a5 {[%emt 0:08:57]} 11. b3 {[%emt 0:00:10]} Re8 {[%emt 0:04:20]} 12. Be3 {[%emt 0:03:35]} exd4 {[%emt 0:05:25]} 13. Nxd4 {[%emt 0:00:09]} Nc5 {[%emt 0:00:25]} 14. Qc2 {[%emt 0:00:10]} Ne6 {[%emt 0:11:53]} 15. Nde2 {[%emt 0:01:06]} b5 {[%emt 0:01:00]} 16. cxb5 {[%emt 0:00:43]} Rb8 {[%emt 0:06:30]} 17. bxc6 {[%emt 0:00:49]} Ba6 {[%emt 0:04:37]} 18. Rad1 {[%emt 0:06:10]} Nc5 {[%emt 0:01:26]} 19. Nd5 {[%emt 0:02:35]} Nxd5 {[%emt 0:01:24]} 20. exd5 {[%emt 0:00:07]} Rxe3 {[%emt 0:05:41]} 21. fxe3 {[%emt 0:00:22]} Qe7 {[%emt 0:00:23]} 22. Nf4 {[%emt 0:05:05]} Be5 {[%emt 0:00:28]} 23. Kh2 {[%emt 0:08:00]} a4 {[%emt 0:00:26]} 24. Rb1 {[%emt 0:02:49]} axb3 {[%emt 0:04:30]} 25. axb3 {[%emt 0:00:36]} g5 {[%emt 0:00:18]} 26. b4 {[%emt 0:02:24]} gxf4 {[%emt 0:00:33]} 27. exf4 {[%emt 0:01:51]} Nd3 {[%emt 0:01:34]} 28. fxe5 {[%emt 0:02:36]} Nxe5 {[%emt 0:00:42]} 29. b5 {[%emt 0:01:11]} Bc8 {[%emt 0:07:01]} 30. b6 {[%emt 0:00:53]} Qg5 {[%emt 0:03:22]} 31. b7 {[%emt 0:02:34]} Bxh3 {[%emt 0:00:18]} 32. Rxe5 {[%emt 0:00:34]} Qxe5 {[%emt 0:02:56]} 33. Bxh3 {[%emt 0:00:10]} Qe6 1-0

[Event "WTCC-65 2018"]
[Site "Radebeul"]
[Date "2018.07.07"]
[Round "1"]
[White "Pushkov, Nikolai"]
[Black "Andersson, Finn"]
[Result "1-0"]
[WhiteElo "2311"]
[BlackElo "1729"]
[Annotator "NA"]
[PlyCount "41"]
[EventDate "2018.07.07"]
[EventType "team-tourn"]
[EventCountry "GER"]
[SourceTitle "playchess.com"]
[Source "ChessBase"]
[SourceQuality "1"]
[TimeControl "40/5400+30:1800+30"]

1. Nf3 {[%emt 0:00:00]} Nf6 {[%emt 0:00:00]} 2. c4 {[%emt 0:00:00]} e6 {[%emt 0:00:00]} 3. d4 {[%emt 0:00:00]} d5 {[%emt 0:00:04]} 4. Nc3 {[%emt 0:00:00]} c5 {[%emt 0:01:18]} 5. cxd5 {[%emt 0:00:11]} Nxd5 {[%emt 0:00:34]} 6. e3 {[%emt 0:00:22]} Nxc3 {[%emt 0:01:59]} 7. bxc3 {[%emt 0:00:03]} cxd4 {[%emt 0:02:10]} 8. exd4 {[%emt 0:00:26]} Qc7 {[%emt 0:02:15]} 9. Bd2 {[%emt 0:00:15]} Be7 {[%emt 0:01:00]} 10. Bd3 {[%emt 0:00:33]} Nd7 {[%emt 0:00:37]} 11. O-O {[%emt 0:00:15]} O-O {[%emt 0:02:27]} 12. Re1 {[%emt 0:00:19]} Nf6 {[%emt 0:08:36]} 13. Ne5 {[%emt 0:03:28]} b6 {[%emt 0:05:23]} 14. Qf3 {[%emt 0:03:25]} Bb7 {[%emt 0:02:27]} 15. Qh3 {[%emt 0:00:15]} Rac8 {[%emt 0:15:38]} 16. Rac1 {[%emt 0:06:07]} Qd8 {[%emt 0:10:59]} 17. Bg5 {[%emt 0:04:00]} g6 {[%emt 0:16:49]} 18. Bh6 {[%emt 0:02:05]} Nd5 {[%emt 0:07:57]} 19. c4 {[%emt 0:01:52]} Nf6 {[%emt 0:00:34]} 20. Bxf8 {[%emt 0:00:25]} Bxf8 {[%emt 0:00:29]} 21. Qe3 1-0

[Event "WTCC-65 2018"]
[Site "Radebeul"]
[Date "2018.07.07"]
[Round "1"]
[White "Berry, Stephen H"]
[Black "Giulian, Philip Maurice"]
[Result "1/2-1/2"]
[WhiteElo "2298"]
[BlackElo "2149"]
[Annotator "NA"]
[PlyCount "52"]
[EventDate "2018.07.07"]
[EventType "team-tourn"]
[EventCountry "GER"]
[SourceTitle "playchess.com"]
[Source "ChessBase"]
[SourceQuality "1"]
[TimeControl "40/5400+30:1800+30"]

1. Nf3 {[%emt 0:00:00]} d5 {[%emt 0:00:00]} 2. c4 {[%emt 0:00:00]} e6 {[%emt 0:00:00]} 3. g3 {[%emt 0:00:09]} Nf6 {[%emt 0:00:08]} 4. Bg2 {[%emt 0:00:15]} d4 {[%emt 0:00:09]} 5. O-O {[%emt 0:00:17]} c5 {[%emt 0:00:07]} 6. e3 {[%emt 0:01:54]} Nc6 {[%emt 0:00:16]} 7. exd4 {[%emt 0:00:07]} cxd4 {[%emt 0:00:07]} 8. d3 {[%emt 0:00:15]} Bd6 {[%emt 0:00:17]} 9. Bg5 {[%emt 0:01:19]} h6 {[%emt 0:00:15]} 10. Bxf6 {[%emt 0:00:08]} Qxf6 {[%emt 0:00:08]} 11. Nbd2 {[%emt 0:00:08]} Qe7 {[%emt 0:00:18]} 12. a3 {[%emt 0:02:06]} a5 {[%emt 0:00:05]} 13. Rc1 {[%emt 0:02:53]} O-O {[%emt 0:03:08]} 14. Ne4 {[%emt 0:02:25]} Bc7 {[%emt 0:00:33]} 15. c5 {[%emt 0:00:45]} e5 {[%emt 0:02:01]} 16. Re1 {[%emt 0:02:06]} Be6 {[%emt 0:01:00]} 17. Qe2 {[%emt 0:07:18]} Rac8 {[%emt 0:17:23]} 18. h3 {[%emt 0:11:00]} Rfe8 {[%emt 0:02:58]} 19. g4 {[%emt 0:04:23]} f5 {[%emt 0:05:38]} 20. gxf5 {[%emt 0:02:17]} Bxf5 {[%emt 0:00:05]} 21. Nh2 {[%emt 0:03:41]} Rf8 {[%emt 0:11:03]} 22. Ng3 {[%emt 0:04:51]} Be6 {[%emt 0:04:46]} 23. Qh5 {[%emt 0:08:28]} Bf7 {[%emt 0:00:58]} 24. Qg4 {[%emt 0:01:17]} Be6 {[%emt 0:00:11]} 25. Qh5 {[%emt 0:00:03]} Bf7 {[%emt 0:00:24]} 26. Qg4 {[%emt 0:00:07]} Be6 {[%emt 0:00:10]} 1/2-1/2

[Event "WTCC-65 2018"]
[Site "Radebeul"]
[Date "2018.07.07"]
[Round "1"]
[White "Khanukov, Boris"]
[Black "Scovitin, Albert"]
[Result "1/2-1/2"]
[WhiteElo "2273"]
[BlackElo "2004"]
[Annotator "NA"]
[PlyCount "192"]
[EventDate "2018.07.07"]
[EventType "team-tourn"]
[EventCountry "GER"]
[SourceTitle "playchess.com"]
[Source "ChessBase"]
[SourceQuality "1"]
[TimeControl "40/5400+30:1800+30"]

1. d4 {[%emt 0:00:00]} d5 {[%emt 0:00:00]} 2. c4 {[%emt 0:00:00]} c6 {[%emt 0:00:00]} 3. Nf3 {[%emt 0:00:18]} Nf6 {[%emt 0:00:05]} 4. e3 {[%emt 0:00:36]} a6 {[%emt 0:00:19]} 5. Nc3 {[%emt 0:00:32]} e6 {[%emt 0:01:42]} 6. Bd3 {[%emt 0:02:26]} Nbd7 {[%emt 0:00:23]} 7. O-O {[%emt 0:01:30]} Bd6 {[%emt 0:00:39]} 8. e4 {[%emt 0:01:23]} dxe4 {[%emt 0:00:14]} 9. Nxe4 {[%emt 0:00:04]} Nxe4 {[%emt 0:00:17]} 10. Bxe4 {[%emt 0:00:08]} Nf6 {[%emt 0:00:32]} 11. Bc2 {[%emt 0:00:34]} O-O {[%emt 0:01:59]} 12. Bg5 {[%emt 0:00:36]} Re8 {[%emt 0:02:11]} 13. Qd3 {[%emt 0:00:57]} g6 {[%emt 0:00:14]} 14. Rad1 {[%emt 0:02:06]} Be7 {[%emt 0:02:50]} 15. Ne5 {[%emt 0:03:33]} Nd7 {[%emt 0:06:56]} 16. Bf4 {[%emt 0:02:02]} Nxe5 {[%emt 0:01:37]} 17. Bxe5 {[%emt 0:00:39]} b5 {[%emt 0:03:10]} 18. c5 {[%emt 0:07:37]} Ra7 {[%emt 0:00:23]} 19. Qf3 {[%emt 0:01:09]} Rd7 {[%emt 0:06:52]} 20. Bb3 {[%emt 0:07:09]} Bb7 {[%emt 0:02:50]} 21. Rfe1 {[%emt 0:01:30]} Bf8 {[%emt 0:00:29]} 22. Qg4 {[%emt 0:03:40]} Bg7 {[%emt 0:01:31]} 23. h4 {[%emt 0:02:05]} h5 {[%emt 0:09:17]} 24. Qf4 {[%emt 0:02:31]} Kh7 {[%emt 0:00:59]} 25. g3 {[%emt 0:08:11]} Qe7 {[%emt 0:00:26]} 26. Bc2 {[%emt 0:05:10]} Red8 {[%emt 0:00:45]} 27. Qf3 {[%emt 0:00:58]} Kg8 {[%emt 0:00:24]} 28. b4 {[%emt 0:03:01]} Bxe5 {[%emt 0:02:27]} 29. dxe5 {[%emt 0:00:12]} Rd4 {[%emt 0:00:36]} 30. a3 {[%emt 0:01:44]} a5 {[%emt 0:10:08]} 31. Qe3 {[%emt 0:01:35]} Rxd1 {[%emt 0:07:35]} 32. Rxd1 {[%emt 0:00:19]} Rxd1+ {[%emt 0:00:04]} 33. Bxd1 {[%emt 0:00:17]} axb4 {[%emt 0:01:56]} 34. axb4 {[%emt 0:00:09]} Qd8 {[%emt 0:00:10]} 35. Bf3 {[%emt 0:00:21]} Kg7 {[%emt 0:00:11]} 36. Kg2 {[%emt 0:01:32]} Kh7 {[%emt 0:08:11]} 37. Kh3 {[%emt 0:01:06]} Kg7 {[%emt 0:00:16]} 38. Kg2 {[%emt 0:04:33]} Kh7 {[%emt 0:00:17]} 39. Kf1 {[%emt 0:00:22]} Kg7 {[%emt 0:00:12]} 40. Ke2 {[%emt 0:01:35]} Kh7 {[%emt 0:00:41]} 41. Be4 {[%emt 0:31:15]} Kg7 {[%emt 0:30:24]} 42. Qc3 {[%emt 0:02:08]} Kh6 {[%emt 0:01:26]} 43. Qa1 {[%emt 0:02:29]} Kg7 {[%emt 0:00:37]} 44. Ke3 {[%emt 0:01:56]} Kh6 {[%emt 0:00:27]} 45. Bf3 {[%emt 0:00:48]} Kg7 {[%emt 0:00:16]} 46. Be4 {[%emt 0:05:52]} Kh6 {[%emt 0:00:41]} 47. f4 {[%emt 0:09:02]} Kg7 {[%emt 0:00:18]} 48. Bf3 {[%emt 0:00:24]} Kh7 {[%emt 0:00:21]} 49. Qa5 {[%emt 0:02:33]} Qc8 {[%emt 0:00:27]} 50. Qa7 {[%emt 0:03:55]} Qa8 {[%emt 0:00:10]} 51. Qa5 {[%emt 0:01:02]} Qc8 {[%emt 0:00:06]} 52. Be4 {[%emt 0:00:27]} Kh6 {[%emt 0:00:21]} 53. Qb6 {[%emt 0:04:04]} Kg7 {[%emt 0:00:14]} 54. Qa5 {[%emt 0:03:33]} Qd7 {[%emt 0:01:25]} 55. Bf3 {[%emt 0:01:11]} Kh6 {[%emt 0:01:24]} 56. Qa2 {[%emt 0:00:41]} Kg7 {[%emt 0:00:21]} 57. g4 {[%emt 0:00:45]} hxg4 {[%emt 0:00:26]} 58. Bxg4 {[%emt 0:00:09]} Qd5 {[%emt 0:01:06]} 59. Qxd5 {[%emt 0:00:19]} cxd5 {[%emt 0:00:27]} 60. h5 {[%emt 0:00:29]} Bc6 {[%emt 0:00:29]} 61. Be2 {[%emt 0:00:00]} Kh6 {[%emt 0:00:00]} 62. hxg6 {[%emt 0:00:00]} Kxg6 {[%emt 0:00:00]} 63. Bd3+ {[%emt 0:00:00]} Kh5 {[%emt 0:00:00]} 64. f5 {[%emt 0:00:00]} Kg5 {[%emt 0:00:00]} 65. f6 {[%emt 0:00:00]} Kh6 {[%emt 0:00:00]} 66. Kf4 {[%emt 0:00:00]} Be8 {[%emt 0:00:00]} 67. Ke3 {[%emt 0:00:00]} Bc6 {[%emt 0:00:00]} 68. Kd4 {[%emt 0:00:00]} Kg5 {[%emt 0:00:00]} 69. Be2 {[%emt 0:00:00]} Kg6 {[%emt 0:00:00]} 70. Bg4 {[%emt 0:00:00]} Kh6 {[%emt 0:00:00]} 71. Ke3 {[%emt 0:00:00]} Kg6 {[%emt 0:00:00]} 72. Kf4 {[%emt 0:00:00]} Kh6 {[%emt 0:00:00]} 73. Bf3 {[%emt 0:00:00]} Kg6 {[%emt 0:00:00]} 74. Kg4 {[%emt 0:00:00]} Kh6 {[%emt 0:00:00]} 75. Kh4 {[%emt 0:00:00]} Kh7 {[%emt 0:00:00]} 76. Kg5 {[%emt 0:00:00]} Kh8 {[%emt 0:00:00]} 77. Be2 {[%emt 0:00:00]} Kh7 {[%emt 0:00:00]} 78. Bd3+ {[%emt 0:00:00]} Kg8 {[%emt 0:00:00]} 79. Kh6 {[%emt 0:00:03]} Kf8 {[%emt 0:00:00]} 80. Bh7 {[%emt 0:01:30]} Bd7 {[%emt 0:00:00]} 81. Bd3 {[%emt 0:01:23]} Bc6 {[%emt 0:00:00]} 82. Kh7 {[%emt 0:00:11]} Bd7 {[%emt 0:00:00]} 83. Kh6 {[%emt 0:02:08]} Bc6 {[%emt 0:00:00]} 84. Bh7 {[%emt 0:00:33]} Bd7 {[%emt 0:00:00]} 85. Kg5 {[%emt 0:00:20]} Bc6 {[%emt 0:00:00]} 86. Kf4 {[%emt 0:00:13]} Ke8 {[%emt 0:00:00]} 87. Kg5 {[%emt 0:02:47]} Kf8 {[%emt 0:00:00]} 88. Kh6 {[%emt 0:00:07]} Bd7 {[%emt 0:00:00]} 89. Kg5 {[%emt 0:02:02]} Bc6 {[%emt 0:00:00]} 90. Kf4 {[%emt 0:00:18]} Ke8 {[%emt 0:00:00]} 91. Bd3 {[%emt 0:00:24]} Kf8 {[%emt 0:00:00]} 92. Be2 {[%emt 0:00:18]} Kg8 {[%emt 0:00:00]} 93. Ke3 {[%emt 0:00:57]} Kh7 {[%emt 0:00:00]} 94. Bh5 {[%emt 0:00:19]} Kg8 {[%emt 0:00:00]} 95. Bg4 {[%emt 0:00:33]} Kh7 {[%emt 0:00:00]} 96. Kd4 {[%emt 0:00:30]} Kg8 {[%emt 0:00:00] Ke4} 1/2-1/2